Marvel Movies - Statistics

General Stats
  • This quiz has been taken 105 times
  • The average score is 8 of 12
Answers on the Grid
Answers color-coded by a green-red scale on the quiz's grid according to % correct below.
Iron Man
Aquaman
Captain Marvel
Shazam!
Wakanda Forever
Big Hero 6
The Incredibles
Black Panther
Wonder Woman
Thor: Ragnarok
Robocop
Teen Titans Go!
Logan
The Suicide Squad
Dr. Strange
Superman
Ant-Man
The Dark Knight Rises
Thunderbols*
The Crow
Birds of Prey
Avengers: Endgame
Blue Beetle
Kick-Ass
Eternals
Megamind
Watchmen
Swamp Thing
Blade
Man of Steel
 
Answer Stats
Answer % Correct
Iron Man
81%
Avengers: Endgame
78%
Thor: Ragnarok
78%
Black Panther
77%
Captain Marvel
75%
Dr. Strange
72%
Wakanda Forever
70%
Ant-Man
69%
Eternals
66%
Logan
58%
Thunderbols*
58%
Blade
56%
No matching quizzes found
Score Distribution
Percent of People with Each Score
Percentile by Number Answered
Your Score History
You have not taken this quiz